[Event "Landesliga Sued 1011"]
[Site "Bayern"]
[Date "2011.04.10"]
[Round "9.2"]
[White "Kuenzner, Franz"]
[Black "Wolf, Armin"]
[Result "0-1"]
[WhiteElo "2277"]
[BlackElo "2209"]
[PlyCount "100"]
[EventDate "2010.10.10"]
[EventType "team-tourn"]
[EventRounds "9"]
[EventCountry "GER"]
[SourceTitle "EXT 2012"]
[Source "ChessBase"]
[SourceDate "2011.11.24"]
[SourceVersion "1"]
[SourceVersionDate "2011.11.24"]
[SourceQuality "1"]
[WhiteTeam "Sendling"]
[BlackTeam "Haunstetten"]
[WhiteTeamCountry "GER"]
[BlackTeamCountry "GER"]

1. d4 g6 2. c4 Bg7 3. Nc3 d6 4. Bg5 h6 5. Bh4 c5 6. d5 Qa5 7. Qd2 Nf6 8. e4 g5 9. Bg3 Nh5 10. Bd3 Nd7 11. Nge2 Ne5 12. Rc1 Bd7 13. 0-0 Nxg3 14. Nxg3 h5 15. Be2 h4 16. Nf5 Bxf5 17. exf5 Bh6 18. Rc2 g4 19. Qe1 Qc7 20. Ne4 Qd7 21. f6 h3 22. fxe7 Qxe7 23. g3 f5 24. Nc3 f4 25. Kh1 0-0-0 26. Bxg4+ Kb8 27. Be6 Rdf8 28. b3 Nf3 29. Qd1 Nd4 30. Re2 Nxe2 31. Qxe2 Bg7 32. Ne4 fxg3 33. hxg3 Be5 34. f4 Bd4 35. Kh2 Rh6 36. Ng5 Bf6 37. Nf3 Qg7 38. Rg1 Bd4 39. Rd1 Rg6 40. Qe1 Rxf4 41. Rd3 Rgf6 42. Qe2 Rg6 43. Bxh3 Rf8 44. Nxd4 cxd4 45. b4 Rgf6 46. Kg1 Qh6 47. Bg2 Qc1+ 48. Rd1 Qc3 49. c5 Qxg3 50. Rd3 Rf1+ 0-1

[Event "Landesliga Sued 1011"]
[Site "Bayern"]
[Date "2010.12.12"]
[Round "4.2"]
[White "Straub, Juergen"]
[Black "Kuenzner, Franz"]
[Result "1/2-1/2"]
[WhiteElo "2157"]
[BlackElo "2277"]
[PlyCount "40"]
[EventDate "2010.10.10"]
[EventType "team-tourn"]
[EventRounds "9"]
[EventCountry "GER"]
[SourceTitle "EXT 2012"]
[Source "ChessBase"]
[SourceDate "2011.11.24"]
[SourceVersion "1"]
[SourceVersionDate "2011.11.24"]
[SourceQuality "1"]
[WhiteTeam "Ingolstadt"]
[BlackTeam "Sendling"]
[WhiteTeamCountry "GER"]
[BlackTeamCountry "GER"]

1. e4 c5 2. Nf3 Nc6 3. d4 cxd4 4. Nxd4 g6 5. c4 Bg7 6. Be3 Nf6 7. Nc3 Ng4 8. Qxg4 Nxd4 9. Qd1 Ne6 10. Rc1 Qa5 11. Bd3 b6 12. 0-0 g5 13. Bb1 Bb7 14. Qd3 Be5 15. Rfd1 Bc6 16. a3 Nc5 17. Qe2 Nb3 18. Rc2 Na1 19. Rcc1 Nb3 20. Rc2 Na1 1/2-1/2

[Event "Landesliga Sued 1011"]
[Site "Bayern"]
[Date "2010.10.24"]
[Round "2.2"]
[White "Kuenzner, Franz"]
[Black "Meier, Volker"]
[Result "1-0"]
[WhiteElo "2277"]
[BlackElo "2239"]
[PlyCount "97"]
[EventDate "2010.10.10"]
[EventType "team-tourn"]
[EventRounds "9"]
[EventCountry "GER"]
[SourceTitle "EXT 2012"]
[Source "ChessBase"]
[SourceDate "2011.11.24"]
[SourceVersion "1"]
[SourceVersionDate "2011.11.24"]
[SourceQuality "1"]
[WhiteTeam "Sendling"]
[BlackTeam "Muenchen Tarrasch II"]
[WhiteTeamCountry "GER"]
[BlackTeamCountry "GER"]

1. d4 g6 2. c3 Bg7 3. Bg5 h6 4. Bh4 Nf6 5. Nd2 d6 6. e3 e5 7. Bc4 0-0 8. Ne2 Nc6 9. 0-0 Re8 10. Re1 g5 11. Bg3 Nh5 12. dxe5 Nxe5 13. Bxe5 dxe5 14. Qc2 Qe7 15. Qg6 Nf6 16. Qc2 e4 17. Ng3 h5 18. f3 exf3 19. gxf3 Be6 20. Nf5 Qc5 21. Bxe6 Rxe6 22. Nb3 Qe5 23. Nbd4 Ree8 24. Rad1 Rad8 25. b4 c5 26. bxc5 Qxc5 27. Qg2 g4 28. Rc1 Rd5 29. Nxg7 Kxg7 30. e4 Rde5 31. Kh1 Kh7 32. Rg1 Rg8 33. Qc2 Kh8 34. Qd2 Reg5 35. Nf5 R5g6 36. Qf4 gxf3 37. Rxg6 Rxg6 38. Nh4 Qg5 39. Nxg6+ Qxg6 40. Rg1 Ng4 41. Qxf3 Qd6 42. Rg2 Qb6 43. Re2 Qb1+ 44. Kg2 Qb5 45. h3 Ne5 46. Qxh5+ Kg7 47. Qg5+ Kf8 48. Rd2 f6 49. Qxf6+ 1-0

[Event "Landesliga Sued 0809"]
[Site "Bayern"]
[Date "2009.03.29"]
[Round "9.2"]
[White "Kuenzner, Franz"]
[Black "De Francesco, Klaus"]
[Result "1/2-1/2"]
[WhiteElo "2278"]
[BlackElo "2241"]
[PlyCount "132"]
[EventDate "2008.10.05"]
[EventType "team-tourn"]
[EventRounds "9"]
[EventCountry "GER"]
[SourceTitle "EXT 2020"]
[Source "ChessBase"]
[SourceDate "2019.10.17"]
[SourceVersion "1"]
[SourceVersionDate "2019.10.17"]
[SourceQuality "1"]
[WhiteTeam "Sendling"]
[BlackTeam "Weilheim"]
[WhiteTeamCountry "GER"]
[BlackTeamCountry "GER"]

1. g3 d5 2. Bg2 c5 3. Nf3 Nc6 4. d4 e6 5. 0-0 Nf6 6. c3 Be7 7. dxc5 Bxc5 8. Bg5 h6 9. Bxf6 Qxf6 10. Nbd2 0-0 11. e4 Bb6 12. Qe2 d4 13. e5 Qf5 14. Nc4 dxc3 15. Nxb6 axb6 16. bxc3 Ra5 17. Rfe1 Rc5 18. Nd4 Qg5 19. f4 Qe7 20. Rac1 Na5 21. Nb3 Nxb3 22. axb3 Qc7 23. Qe3 Ra5 24. Red1 Ra3 25. b4 Rd8 26. Rxd8+ Qxd8 27. Qd4 Qc7 28. c4 Bd7 29. c5 b5 30. Qd6 Qc8 31. Qb6 Bc6 32. Rd1 Ra8 33. Rd6 Ra1+ 34. Kf2 Ra2+ 35. Ke3 Rxg2 36. Rd8+ Qxd8 37. Qxd8+ Kh7 38. Qe7 Kg8 39. f5 exf5 40. e6 fxe6 41. Qxe6+ Kh8 42. Qc8+ Kh7 43. Qxf5+ Kh8 44. Qh3 Rb2 45. Qh4 Rb3+ 46. Kd2 Rf3 47. h3 Kh7 48. Qg4 Kg8 49. h4 Kh7 50. h5 Kh8 51. Qc8+ Kh7 52. Qc7 Rb3 53. Qf4 Rf3 54. Qe5 Rb3 55. Qf5+ Kh8 56. Qf4 Rf3 57. Qb8+ Kh7 58. g4 Rf2+ 59. Ke3 Rf3+ 60. Ke2 Rc3 61. Qe5 Rc4 62. Qf5+ Kh8 63. g5 hxg5 64. h6 gxh6 65. Qf8+ Kh7 66. Qf7+ Kh8 1/2-1/2

[Event "Landesliga Sued 0809"]
[Site "Bayern"]
[Date "2008.10.26"]
[Round "2.2"]
[White "Kuenzner, Franz"]
[Black "Bensch, Patrick"]
[Result "1-0"]
[WhiteElo "2278"]
[BlackElo "2154"]
[PlyCount "39"]
[EventDate "2008.10.05"]
[EventType "team-tourn"]
[EventRounds "9"]
[EventCountry "GER"]
[SourceTitle "EXT 2020"]
[Source "ChessBase"]
[SourceDate "2019.10.17"]
[SourceVersion "1"]
[SourceVersionDate "2019.10.17"]
[SourceQuality "1"]
[WhiteTeam "Sendling"]
[BlackTeam "Rottal"]
[WhiteTeamCountry "GER"]
[BlackTeamCountry "GER"]

1. c4 Nf6 2. Nc3 g6 3. d4 d5 4. Bg5 Ne4 5. Nxe4 dxe4 6. Qd2 Bg7 7. 0-0-0 Nc6 8. e3 0-0 9. f3 exf3 10. gxf3 Qd6 11. Ne2 e5 12. d5 Ne7 13. e4 f5 14. Nc3 a6 15. h4 Bf6 16. Bh6 Rf7 17. h5 Bd7 18. hxg6 hxg6 19. Be3 Bg7 20. c5 1-0

[Event "Landesliga Sued 0809"]
[Site "Bayern"]
[Date "2008.10.05"]
[Round "1.2"]
[White "Krulich, Roman"]
[Black "Kuenzner, Franz"]
[Result "1/2-1/2"]
[WhiteElo "2201"]
[BlackElo "2279"]
[PlyCount "54"]
[EventDate "2008.10.05"]
[EventType "team-tourn"]
[EventRounds "9"]
[EventCountry "GER"]
[SourceTitle "EXT 2020"]
[Source "ChessBase"]
[SourceDate "2019.10.17"]
[SourceVersion "1"]
[SourceVersionDate "2019.10.17"]
[SourceQuality "1"]
[WhiteTeam "Muenchen Zugzwang"]
[BlackTeam "Sendling"]
[WhiteTeamCountry "GER"]
[BlackTeamCountry "GER"]

1. e4 c5 2. Nf3 g6 3. c3 Bg7 4. d4 cxd4 5. cxd4 Nf6 6. Nc3 0-0 7. Be2 d5 8. e5 Ne4 9. 0-0 Nc6 10. Be3 Nxc3 11. bxc3 Bg4 12. Nd2 Bxe2 13. Qxe2 Rc8 14. Rfc1 f6 15. f4 fxe5 16. fxe5 Qd7 17. Rab1 Rc7 18. c4 Rfc8 19. c5 Nd8 20. Nf3 b6 21. cxb6 Rxc1+ 22. Rxc1 Rxc1+ 23. Bxc1 axb6 24. Qc2 Qc6 25. Qxc6 Nxc6 26. Bd2 b5 27. Kf2 Bf8 1/2-1/2

[Event "Landesliga Sued 0708"]
[Site "Bayern"]
[Date "2007.11.04"]
[Round "2.2"]
[White "Lang, Marc"]
[Black "Kuenzner, Franz"]
[Result "1-0"]
[WhiteElo "2264"]
[BlackElo "2267"]
[PlyCount "129"]
[EventDate "2007.10.21"]
[EventType "team-tourn"]
[EventRounds "9"]
[EventCountry "GER"]
[SourceTitle "EXT 2009"]
[Source "ChessBase"]
[SourceDate "2008.11.26"]
[SourceVersion "1"]
[SourceVersionDate "2008.11.26"]
[SourceQuality "1"]
[WhiteTeam "Krumbach"]
[BlackTeam "Sendling"]
[WhiteTeamCountry "GER"]
[BlackTeamCountry "GER"]

1. d4 d5 2. c4 e6 3. Nc3 f5 4. Nf3 Nf6 5. Bf4 Bd6 6. e3 0-0 7. Bd3 c6 8. 0-0 Ne4 9. Qc2 Na6 10. a3 Nc7 11. Bxd6 Nxd6 12. Ne5 Nf7 13. f4 Ne8 14. cxd5 cxd5 15. Rac1 Bd7 16. Qb3 Ned6 17. Rc2 Rb8 18. a4 a6 19. Qb4 Be8 20. Rfc1 g5 21. Ne2 b5 22. axb5 Bxb5 23. Bxb5 Rxb5 24. Qa4 Nxe5 25. dxe5 Nc4 26. Nd4 Qb6 27. b3 Na5 28. Nxb5 axb5 29. Qb4 Qxe3+ 30. Kh1 Nxb3 31. Rc3 Qxc1+ 32. Rxc1 Nxc1 33. Qe7 Nd3 34. Qxg5+ Kh8 35. Qe7 Rg8 36. Qf6+ Rg7 37. Qf8+ Rg8 38. Qf6+ Rg7 39. Qxe6 Nxf4 40. Qc8+ Rg8 41. Qxf5 Ng6 42. Qf6+ Rg7 43. h4 Ne7 44. e6 Ng8 45. Qd8 h6 46. Qxd5 Re7 47. Qe5+ Kh7 48. Qxb5 Kg7 49. Qe5+ Kf8 50. Qf5+ Kg7 51. h5 Kh8 52. g4 Rg7 53. Qe5 Kh7 54. Kh2 Ne7 55. Kg3 Kg8 56. Qf6 Kh7 57. Kf3 Ng8 58. Qf8 Ne7 59. Kf4 Ng8 60. Ke5 Ne7 61. Kd6 Ng8 62. e7 Nxe7 63. Qxe7 Rxe7 64. Kxe7 Kg7 65. Ke6 1-0

[Event "Regionalliga SW 0607"]
[Site "Bayern"]
[Date "2006.10.29"]
[Round "2.2"]
[White "Kuenzner, Franz"]
[Black "Rogg, Gerhard"]
[Result "1-0"]
[WhiteElo "2216"]
[BlackElo "2046"]
[PlyCount "69"]
[EventDate "2006.10.15"]
[EventType "team-tourn"]
[EventRounds "9"]
[EventCountry "GER"]
[SourceTitle "EXT 2008"]
[Source "ChessBase"]
[SourceDate "2007.11.25"]
[SourceVersion "1"]
[SourceVersionDate "2007.11.25"]
[SourceQuality "1"]
[WhiteTeam "Muenchen Sendling"]
[BlackTeam "Sonthofen"]
[WhiteTeamCountry "GER"]
[BlackTeamCountry "GER"]

1. d4 d5 2. Bg5 Nf6 3. Nd2 e6 4. e3 Be7 5. Bxf6 Bxf6 6. f4 c5 7. c3 cxd4 8. exd4 Nc6 9. Ngf3 Bd7 10. Bd3 Rc8 11. 0-0 g6 12. Ne5 Ne7 13. Ndf3 Nf5 14. Qe2 Nd6 15. g4 0-0 16. Rae1 a6 17. Nxd7 Qxd7 18. Ne5 Qc7 19. Rf3 Bg7 20. Rh3 Rfe8 21. Qf2 f5 22. Qh4 Bxe5 23. fxe5 Ne4 24. gxf5 exf5 25. Bc2 Rcd8 26. Rf1 Qe7 27. Bxe4 dxe4 28. Qh6 b5 29. Rg3 Rf8 30. h4 Qg7 31. Qf4 Rde8 32. Rf2 Re6 33. h5 Kh8 34. Rfg2 Qf7 35. hxg6 1-0

[Event "Regionalliga SW 0506"]
[Site "Bayern"]
[Date "2006.03.12"]
[Round "8.2"]
[White "Kuenzner, Franz"]
[Black "Buchner, Rudolf"]
[Result "1/2-1/2"]
[WhiteElo "2202"]
[BlackElo "2119"]
[PlyCount "120"]
[EventDate "2005.10.23"]
[EventType "team-tourn"]
[EventRounds "9"]
[EventCountry "GER"]
[SourceTitle "EXT 2007"]
[Source "ChessBase"]
[SourceDate "2006.11.23"]
[SourceVersion "1"]
[SourceVersionDate "2006.11.23"]
[SourceQuality "1"]

1. d4 Nf6 2. Bg5 e6 3. Nd2 d5 4. e3 Be7 5. Bd3 Nbd7 6. f4 c5 7. c3 Qb6 8. Rb1 h6 9. Bh4 cxd4 10. exd4 Qc7 11. Qf3 Rb8 12. Ne2 b5 13. a3 0-0 14. g4 Re8 15. g5 Nh7 16. Bg3 hxg5 17. Bxh7+ Kxh7 18. fxg5 Bd6 19. Qxf7 Rf8 20. Qh5+ Kg8 21. Nf3 b4 22. axb4 Ba6 23. Ne5 Bxe5 24. dxe5 Qc4 25. g6 Rf5 26. Qh7+ Kf8 27. Qh8+ Ke7 28. Bh4+ Nf6 29. Qxg7+ Kd8 30. Qf8+ Kc7 31. Qc5+ Qxc5 32. bxc5 Ne4 33. Ra1 Rxb2 34. Nd4 Rxe5 35. Rxa6 Rb1+ 36. Ke2 Rxh1 37. Nf3 Kb7 38. Nxe5 Kxa6 39. Nf3 Rb1 40. g7 Rb8 41. Be7 Rg8 42. Bf8 Nf6 43. Nd4 Nh5 44. Nxe6 Nxg7 45. Bxg7 Re8 46. Kd3 Rxe6 47. Kd4 Re2 48. Be5 Rd2+ 49. Ke3 Rd1 50. c6 Kb6 51. Bd4+ Kxc6 52. Bxa7 Kb5 53. Bd4 Kc4 54. Kf4 Rh1 55. Kg3 Kd3 56. Kg2 Rb1 57. h4 Ke4 58. h5 Rb7 59. h6 Rh7 60. Bg7 Kd3 1/2-1/2

[Event "Regionalliga SW 0506"]
[Site "Bayern"]
[Date "2006.02.19"]
[Round "7.2"]
[White "Lederle, Vitus"]
[Black "Kuenzner, Franz"]
[Result "1/2-1/2"]
[WhiteElo "2030"]
[BlackElo "2202"]
[PlyCount "89"]
[EventDate "2005.10.23"]
[EventType "team-tourn"]
[EventRounds "9"]
[EventCountry "GER"]
[SourceTitle "EXT 2007"]
[Source "ChessBase"]
[SourceDate "2006.11.23"]
[SourceVersion "1"]
[SourceVersionDate "2006.11.23"]
[SourceQuality "1"]

1. e4 c5 2. Nf3 Nc6 3. Nc3 g6 4. d4 cxd4 5. Nxd4 Bg7 6. Be3 Nf6 7. Bc4 Qa5 8. 0-0 0-0 9. Bb3 d6 10. f3 Bd7 11. Qd2 Rfc8 12. Rad1 Ne5 13. Nd5 Qxd2 14. Rxd2 Nxd5 15. Bxd5 Nc4 16. Bxc4 Rxc4 17. c3 a5 18. Nc2 b5 19. a3 f5 20. Bg5 Kf7 21. Ne3 Rc5 22. Nd5 Re8 23. Re1 Be6 24. Be3 Rc6 25. Bd4 Bxd5 26. exd5 Bxd4+ 27. Rxd4 Rc4 28. Red1 Rec8 29. Kf2 g5 30. Ke3 Kf6 31. g3 h5 32. R1d3 g4 33. f4 h4 34. Rxc4 Rxc4 35. b3 Re4+ 36. Kf2 a4 37. b4 Kf7 38. Rd2 Rc4 39. Rd3 h3 40. Ke3 e5 41. dxe6+ Kxe6 42. Kd2 Re4 43. Rd4 d5 44. Rd3 Kd6 45. Rd4 1/2-1/2

[Event "Regionalliga SW 0405"]
[Site "Bayern"]
[Date "2005.02.13"]
[Round "7.2"]
[White "Kuenzner, Franz"]
[Black "Hosseini, Manouchehr"]
[Result "1-0"]
[WhiteElo "2215"]
[BlackElo "1950"]
[PlyCount "57"]
[EventDate "2004.10.24"]
[EventType "team-tourn"]
[EventRounds "9"]
[EventCountry "GER"]
[SourceTitle "EXT 2007"]
[Source "ChessBase"]
[SourceDate "2006.11.23"]
[SourceVersion "1"]
[SourceVersionDate "2006.11.23"]
[SourceQuality "1"]
[WhiteTeam "Sendling SC"]
[BlackTeam "Muenchen Schwabing/Nord II"]
[WhiteTeamCountry "GER"]
[BlackTeamCountry "GER"]

1. d4 Nf6 2. Bg5 Ne4 3. Bf4 g6 4. Nd2 Nxd2 5. Qxd2 Bg7 6. Nf3 d5 7. Bh6 Bf6 8. 0-0-0 Nd7 9. g4 e6 10. Qf4 c6 11. Kb1 Rg8 12. h4 Qe7 13. e3 e5 14. Qg3 e4 15. Ng5 Bg7 16. Bxg7 Rxg7 17. Be2 f6 18. Nh3 a5 19. c4 b5 20. cxd5 cxd5 21. Qc7 a4 22. Nf4 a3 23. b3 Ba6 24. Qc6 Qd8 25. Ne6 Qa5 26. Nxg7+ Ke7 27. Qe6+ Kf8 28. Qxd7 Ra7 29. Ne6+ 1-0

[Event "Landesliga Sued 0203"]
[Site "Bayern"]
[Date "2003.03.09"]
[Round "8.2"]
[White "Gesing, Oliver"]
[Black "Kuenzner, Franz"]
[Result "0-1"]
[WhiteElo "2187"]
[BlackElo "2268"]
[PlyCount "114"]
[EventDate "2002.10.20"]
[EventType "team-tourn"]
[EventRounds "9"]
[EventCountry "GER"]
[SourceTitle "EXT 2004"]
[Source "ChessBase"]
[SourceDate "2003.11.25"]
[SourceVersion "1"]
[SourceVersionDate "2003.11.25"]
[SourceQuality "1"]
[WhiteTeam "Graefelfing"]
[BlackTeam "Muenchen Sendling"]
[WhiteTeamCountry "GER"]
[BlackTeamCountry "GER"]

1. e4 c5 2. b3 Nf6 3. e5 Nd5 4. Bb2 Nc6 5. Nc3 Nc7 6. Nf3 d5 7. exd6 exd6 8. Be2 Be7 9. d4 Bg4 10. dxc5 dxc5 11. h3 Bf5 12. Bc4 0-0 13. 0-0 Bf6 14. Qc1 Nb4 15. Rd1 Qc8 16. Nb5 Nxb5 17. Bxf6 gxf6 18. Bxb5 Nxc2 19. Bd7 Bxd7 20. Qxc2 Bf5 21. Qc3 Qc6 22. Rac1 Rfd8 23. Qe3 Rxd1+ 24. Rxd1 Be4 25. Nh4 Re8 26. Qg3+ Kh8 27. Rd6 Qc7 28. Rxf6 Qxg3 29. fxg3 Kg7 30. Rf2 b5 31. Nf5+ Bxf5 32. Rxf5 Re1+ 33. Kf2 Rc1 34. g4 a5 35. a4 Rc2+ 36. Kf1 b4 37. Ke1 c4 38. bxc4 b3 39. Kd1 Rxc4 40. Rb5 Rxa4 41. Rxb3 Ra2 42. Ke1 a4 43. Rb4 Kf6 44. Kf1 Ke5 45. Rb7 a3 46. Rxf7 Rb2 47. Rxh7 a2 48. Rh5+ Ke4 49. Ra5 Rb1+ 50. Kf2 a1Q 51. Rxa1 Rxa1 52. Kg3 Ra3+ 53. Kh4 Kf4 54. Kh5 Rg3 55. Kg6 Rxg2 56. Kf6 Kg3 57. g5 Kh4 0-1

[Event "Landesliga Sued 0203"]
[Site "Bayern"]
[Date "2003.01.26"]
[Round "5.2"]
[White "Kuenzner, Franz"]
[Black "Heyne, Martin"]
[Result "1/2-1/2"]
[WhiteElo "2268"]
[BlackElo "2203"]
[PlyCount "106"]
[EventDate "2002.10.20"]
[EventType "team-tourn"]
[EventRounds "9"]
[EventCountry "GER"]
[SourceTitle "EXT 2004"]
[Source "ChessBase"]
[SourceDate "2003.11.25"]
[SourceVersion "1"]
[SourceVersionDate "2003.11.25"]
[SourceQuality "1"]
[WhiteTeam "Muenchen Sendling"]
[BlackTeam "Waldkirch"]
[WhiteTeamCountry "GER"]
[BlackTeamCountry "GER"]

1. f4 Nf6 2. Nf3 g6 3. c4 c5 4. Nc3 Nc6 5. e3 Bg7 6. b3 d5 7. cxd5 Nxd5 8. Bb2 0-0 9. Na4 Qd6 10. Bb5 Bd7 11. 0-0 a6 12. Bxc6 Bxc6 13. Bxg7 Kxg7 14. Nb2 Nb4 15. Nc4 Qe6 16. Nce5 f6 17. Nxc6 Nxc6 18. Qc2 b6 19. a3 Rfd8 20. Rac1 Rd6 21. Qb1 a5 22. Rc3 Rad8 23. h3 Na7 24. a4 Nc6 25. Kh2 Nb4 26. d4 Nd5 27. Rd3 Nb4 28. Rc3 Nd5 29. Rd3 Nxe3 30. Re1 cxd4 31. Nxd4 Rxd4 32. Rdxe3 Qd6 33. Rxe7+ Kh6 34. R1e4 Rd1 35. Qc2 Rd7 36. R7e6 Qd2 37. Qxd2 R1xd2 38. Rxf6 Rb2 39. Re3 Rb7 40. Kg3 b5 41. Ra6 bxa4 42. bxa4 Ra2 43. f5 Rxa4 44. Ree6 Rg7 45. f6 Rf7 46. Re7 Rf8 47. h4 g5 48. hxg5+ Kxg5 49. f7 Rg4+ 50. Kh3 Rh4+ 51. Kg3 Rg4+ 52. Kh2 Rh4+ 53. Kg1 Rf4 1/2-1/2

[Event "Oberliga Bayern 0102"]
[Site "Bayern"]
[Date "2001.11.25"]
[Round "3.2"]
[White "Bintakies, Michael"]
[Black "Kuenzner, Franz"]
[Result "1/2-1/2"]
[WhiteElo "2145"]
[BlackElo "2285"]
[PlyCount "95"]
[EventDate "2001.10.07"]
[EventType "team"]
[EventRounds "9"]
[EventCountry "GER"]
[SourceTitle "EXT 2003"]
[Source "ChessBase"]
[SourceDate "2002.11.25"]
[SourceVersion "1"]
[SourceVersionDate "2002.11.25"]
[SourceQuality "1"]
[WhiteTeam "Haunstetten"]
[BlackTeam "Muenchen Sendling"]
[WhiteTeamCountry "GER"]
[BlackTeamCountry "GER"]

1. d4 d5 2. Bf4 c6 3. e3 Qb6 4. b3 Nf6 5. Nf3 Bg4 6. Be2 Nbd7 7. h3 Bxf3 8. Bxf3 e6 9. 0-0 Be7 10. c4 0-0 11. Nc3 Ne8 12. e4 dxe4 13. Nxe4 Ndf6 14. Be5 Rd8 15. Qe2 Nxe4 16. Qxe4 Bf6 17. Rad1 Qa5 18. Qe2 g6 19. Qb2 Bxe5 20. dxe5 Ng7 21. b4 Qc7 22. Be4 Rxd1 23. Rxd1 Rd8 24. Rd4 Ne8 25. Qd2 Rxd4 26. Qxd4 Kf8 27. f4 Qe7 28. a3 a5 29. Qb6 axb4 30. axb4 g5 31. fxg5 Qxg5 32. Bxh7 Qxe5 33. Qxb7 Qd4+ 34. Kh1 Qxc4 35. Qb8 Qc3 36. Kh2 Qd4 37. Bb1 e5 38. Ba2 Qf2 39. Bb3 Qf4+ 40. Kh1 Qe3 41. Ba4 Qc1+ 42. Kh2 Qf4+ 43. Kh1 Qf1+ 44. Kh2 Qa6 45. Bb3 Qa3 46. Bc2 Qc1 47. Ba4 e4 48. b5 1/2-1/2

[Event "Landesliga Sued 0001"]
[Site "Bayern"]
[Date "2001.04.29"]
[Round "9"]
[White "Heiduczek, Josef"]
[Black "Kuenzner, Franz"]
[Result "1/2-1/2"]
[WhiteElo "2165"]
[BlackElo "2250"]
[PlyCount "41"]
[EventDate "2000.10.15"]
[EventType "team-tourn"]
[EventRounds "9"]
[EventCountry "GER"]
[SourceTitle "EXT 2020"]
[Source "ChessBase"]
[SourceDate "2019.10.17"]
[SourceVersion "1"]
[SourceVersionDate "2019.10.17"]
[SourceQuality "1"]
[WhiteTeam "Pfarrkirchen SC"]
[BlackTeam "Sendling SC"]
[WhiteTeamCountry "GER"]
[BlackTeamCountry "GER"]

1. d4 d5 2. c4 e6 3. Nc3 f5 4. e3 Nf6 5. Bd3 c6 6. f4 Be7 7. Nf3 Ne4 8. 0-0 0-0 9. Ne5 Nd7 10. Bd2 g5 11. c5 gxf4 12. exf4 Nxe5 13. fxe5 Nxd2 14. Qxd2 Bd7 15. Ne2 Bg5 16. Nf4 Kh8 17. Kh1 Qe7 18. Rf3 Rf7 19. Raf1 b6 20. b4 Rg8 21. R3f2 1/2-1/2

[Event "Landesliga Sued 0001"]
[Site "Bayern"]
[Date "2000.10.15"]
[Round "1"]
[White "Kunze, Holger"]
[Black "Kuenzner, Franz"]
[Result "0-1"]
[WhiteElo "2160"]
[BlackElo "2250"]
[PlyCount "88"]
[EventDate "2000.10.15"]
[EventType "team-tourn"]
[EventRounds "9"]
[EventCountry "GER"]
[SourceTitle "EXT 2020"]
[Source "ChessBase"]
[SourceDate "2019.10.17"]
[SourceVersion "1"]
[SourceVersionDate "2019.10.17"]
[SourceQuality "1"]
[WhiteTeam "Fuerstenfeldbruck TuS"]
[BlackTeam "Sendling SC"]
[WhiteTeamCountry "GER"]
[BlackTeamCountry "GER"]

1. c4 f5 2. g3 Nf6 3. Bg2 e6 4. Nf3 Be7 5. 0-0 0-0 6. d3 d5 7. b3 c5 8. e3 Nc6 9. Nbd2 Bd7 10. Bb2 Rc8 11. cxd5 Nxd5 12. Nc4 Be8 13. Nfe5 b5 14. Nxc6 Bxc6 15. Ne5 Bb7 16. Qe2 Bf6 17. a4 b4 18. Qc2 Qc7 19. Nc4 Bxb2 20. Qxb2 Rfd8 21. Qe5 Qxe5 22. Nxe5 Ba6 23. Rfe1 Nc3 24. Bf1 Bb7 25. Bg2 Ba6 26. Bf1 Rc7 27. f4 g6 28. Rac1 Kg7 29. Rc2 Kf6 30. h4 Bb7 31. Bg2 Bd5 32. Rb2 Kg7 33. Kf2 h6 34. Bf3 Rh8 35. Rh1 Kf6 36. g4 Rch7 37. Rg1 g5 38. gxf5 exf5 39. hxg5+ hxg5 40. Rxg5 Rh2+ 41. Rg2 Nd1+ 42. Ke1 Rh1+ 43. Ke2 Bxf3+ 44. Kxf3 R8h3+ 0-1

[Event "Passau op 7th"]
[Site "Passau"]
[Date "1999.04.04"]
[Round "5"]
[White "Drexel, Michael"]
[Black "Kuenzner, Franz"]
[Result "1-0"]
[WhiteElo "2200"]
[BlackElo "2310"]
[PlyCount "121"]
[EventDate "1999.04.02"]
[EventType "swiss"]
[EventRounds "7"]
[EventCountry "GER"]
[SourceTitle "EXT 2000"]
[Source "ChessBase"]
[SourceDate "1999.11.16"]
[SourceVersion "1"]
[SourceVersionDate "1999.11.16"]
[SourceQuality "1"]

1. e4 c5 2. Nc3 Nc6 3. d3 d6 4. g3 Bd7 5. Bg2 g6 6. f4 Bg7 7. Nf3 Rb8 8. 0-0 Qc8 9. e5 dxe5 10. Ne4 Nf6 11. Nxc5 Bg4 12. fxe5 Nxe5 13. d4 Nxf3+ 14. Bxf3 Bxf3 15. Rxf3 b6 16. Nd3 Nd5 17. c3 0-0 18. Bf4 Nxf4 19. Rxf4 a5 20. Qe2 Qc4 21. Re4 e6 22. Ne5 Qxe2 23. Rxe2 Rb7 24. a4 Rd8 25. Ra3 Rc8 26. Rb3 f6 27. Nd3 Rc6 28. Re1 Rd7 29. Rb5 e5 30. d5 Rc4 31. Ra1 Bf8 32. Kg2 g5 33. Rf1 Rd6 34. Nf2 Rxa4 35. Re1 Be7 36. Ne4 Rd7 37. Rxb6 Kg7 38. d6 Bd8 39. Ra6 Rc4 40. g4 h5 41. h3 hxg4 42. hxg4 a4 43. Kf3 Rf7 44. Ke3 f5 45. gxf5 Rxf5 46. Kd3 Rc8 47. Rxa4 Kg6 48. c4 Rf3+ 49. Re3 Rf1 50. c5 g4 51. Ra6 Kf7 52. c6 Ke6 53. c7 Bh4 54. Nc5+ Kd5 55. Nd7 e4+ 56. Rxe4 Rd1+ 57. Kc2 Kxe4 58. Kxd1 g3 59. Ra4+ Kf5 60. Ke2 g2 61. Ra1 1-0